00278nam a2200121Ia 4500008004100000100001600041245002800057260002600085300000800111650001300119942000700132999001700139190216s9999||||xx |||||||||||||| ||und|| aSudeesh V R 0aKathaparayum Kathamaman bPoorna Pubs Kozhikode a119 aKathakal cBK c28153d28153